|
|
|
|
| LEADER |
00782nab a2200193 i 4500 |
| 001 |
acta30104 |
| 005 |
20210422091230.0 |
| 008 |
161017s2010 hu o 0|| hun d |
| 022 |
|
|
|a 2062-1396
|
| 040 |
|
|
|a SZTE Egyetemi Kiadványok Repozitórium
|b hun
|
| 041 |
|
|
|a hun
|
| 100 |
1 |
|
|a Horváth Péter
|
| 245 |
1 |
2 |
|a A kistérségi együttműködés új kihívásai a magyar-román határ menti perifériákon
|h [elektronikus dokumentum] /
|c Horváth Péter
|
| 260 |
|
|
|c 2010
|
| 300 |
|
|
|a 268-276
|
| 490 |
0 |
|
|a A Virtuális Intézet Közép-Európa Kutatására közleményei
|v 2 No. 2-3
|
| 695 |
|
|
|a Társadalomtudomány
|
| 710 |
|
|
|a Régiók a Kárpát-medencén innen és túl, 4., 2010, Kaposvár
|
| 856 |
4 |
0 |
|u http://acta.bibl.u-szeged.hu/30104/1/vikek_003_004_268-276.pdf
|z Dokumentum-elérés
|